Responses for Show #1142 - Tuesday, July 18, 1989

1989 Senior Tournament semifinal game 2.

Contestants

[<< previous game]

Freda Mammina, a teacher from Yonkers, New York

Ouida Rellstab, a teacher from New Orleans, Louisiana

Tom Welter, a quality controller from Anaheim, California

[next game >>]

Jeopardy! Round responses

FIRST LADIES
TUNES OF THE '20s
FLORIDA
SMOKING
OLD TESTAMENT
MISSING LINKS
(Alex: We will provide you with probably 2/3 of the equation, you have to supply that missing element.)
    $100 1
Mamie Eisenhower

Tom
    $100 5
a silver lining

Tom
    $100 30
(Tom: What is Saipan?)

jai alai

TomOuida
    $100 21
switch

Freda
    $100 4
Psalms

Ouida
    $100 12
See no evil

Tom
    $200 2
Bess Truman

Tom
    $200 6
a rainbow

Ouida
    $200 26
the Suwannee

Ouida
    $200 22
the Surgeon General or (C. Everett) Coop

Ouida
    $200 17
Passover

Freda
    $200 13
Bangles

Freda
    $300 3
(Freda: Who is Adams...Mrs. Adams...[*]?)

Mrs. John Adams (Abigail)

Freda
    $300 7
your tent

Tom
    $300 27
Fort Lauderdale

Freda
    $300 23
the Marlboro Man

Ouida
    $300 18
stoning

Freda
    $300 14
vidi

Freda
    $400 10
[Ouida adds the second part of the response herself, in this case.]

Mrs. Lincoln (Mary Todd Lincoln)

Ouida
    $400 8
"Nothing could be finer than to be in Carolina in the morning"

Freda
    $900 28
(Freda: What is a dolphin?)

manatee

Freda
    $400 24
"You've Come a Long Way, Baby."

Freda
    $400 19
Isaiah

Freda
    $400 15
(Alex: The three wise men.)

Gaspar

Triple Stumper
    $500 11
Martha Washington

Tom
    $500 9
[Alex reads the names as "Bert Kalmar-Harry Ruby".]
---
(Alex: [after Tom's response, alluding to the song] You are wrong, nobody else will do.)

"I Wanna Be Loved By You"

Tom
    $500 29
Tampa Bay

Ouida
    $500 25
(Alex: We've got a minute left.)

Bette Davis

Tom
    $500 20
the Temple of Solomon (the Temple of Jerusalem)

Ouida
    $500 16
Chanel No. 19

Triple Stumper

Scores at the first commercial break (after clue 13):

Tom Ouida Freda
$1,800 $700 $900

Scores at the end of the Jeopardy! Round:

Tom Ouida Freda
$2,200 $2,500 $2,000

Double Jeopardy! Round responses

A.K.A.
(Alex: Also known as.)
PLANTS
POETS
MOUNTAINS
MAN IN SPACE
(Alex: Two of my favorites, and I hope yours...)
ASTAIRE & ROGERS
    $200 1
John Carradine

Freda
    $200 11
(Freda: What are palm trees?)

olive trees

OuidaFreda
    $200 10
(Tom: Who is William Ross Benét?)
[Note: Tom's response is hard to hear on the tape.]

Stephen Vincent Benét

TomFreda
    $200 17
Fujiyama

Ouida
    $200 22
Houston

Tom
    $200 6
fight

Tom
    $400 2
Jose Greco

Freda
    $400 16
a beanpole

Tom
    $400 12
Spain

Freda
    $400 21
the Jordan

Freda
    $400 23
4 days

Triple Stumper
    $400 7
Irving Berlin

Tom
    $600 3
Billy Rose

Freda
    $600 18
ferns

Ouida
    $600 13
Stevie Smith

Ouida
    $600 25
the Black Hills

Freda
    $2,000 8
Top Hat

Tom
    $800 4
Doris Day

Tom
    $800 19
(Freda: What are peanuts?)

corn

Freda
Triple Stumper
    $2,400 14
Elizabeth Barrett & Robert Browning

Ouida
    $800 26
Europe

Ouida
    $800 9
Vernon and Irene Castle

Ouida
    $1000 5
Lotte Lenya

Tom
    $1000 20
witch hazel

Ouida
    $1000 15
(Tom: Who is Wordsworth?)
(Ouida: Who is Shelley?)

John Keats

TomOuida
Triple Stumper
    $1000 27
(Tom: What is Virginia?)
...
[The end-of-round signal sounds.]

North Carolina

Tom
Triple Stumper
    $1000 24
(Ouida: What is the rumba?)
(Tom: What is the continental?)

the carioca

TomOuida
Triple Stumper

Scores at the end of the Double Jeopardy! Round:

Tom Ouida Freda
$4,000 $7,100 $3,800

[wagering suggestions for these scores]

Final Jeopardy! Round responses

AMERICANA
FredaWhat is the Algonquin
$3,800
TomWhat is Algonquin?
$4,000
OuidaWhat is the Algonquin?
$901
the Algonquin

Final scores:

Tom Ouida Freda
$8,000 $8,001 $7,600
2nd place: $5,000 Finalist 3rd place: $5,000

Game dynamics:

Coryat scores:

Tom Ouida Freda
$2,600 $5,500 $4,700
15 R
(including 1 DD),
5 W
17 R
(including 1 DD),
2 W
17 R,
3 W
(including 1 DD)

Combined Coryat: $12,800

[game clues] [game scores] [suggest correction]

Game tape date: 1989-02-28
The J! Archive is created by fans, for fans. Scraping, republication, monetization, and malicious use prohibited; this site may use cookies and collect identifying information. See terms. The Jeopardy! game show and all elements thereof, including but not limited to copyright and trademark thereto, are the property of Jeopardy Productions, Inc. and are protected under law. This website is not affiliated with, sponsored by, or operated by Jeopardy Productions, Inc. Join the discussion at JBoard.tv.